Do vyangy natak (Record no. 214486)

MARC details
000 -LEADER
fixed length control field 02933nam a2200217Ia 4500
003 - CONTROL NUMBER IDENTIFIER
control field OSt
005 - DATE AND TIME OF LATEST TRANSACTION
control field 20250131151508.0
008 - FIXED-LENGTH DATA ELEMENTS--GENERAL INFORMATION
fixed length control field 210719s2003 xx 000 0 und d
040 ## - CATALOGING SOURCE
Transcribing agency AL
041 ## - LANGUAGE CODE
Language code of text/sound track or separate title Hindi
082 ## - DEWEY DECIMAL CLASSIFICATION NUMBER
Classification number H891.2 JOSD
100 ## - MAIN ENTRY--PERSONAL NAME
Personal name JOSHI (Sharad)
Dates associated with a name शरद जोशी
9 (RLIN) 196765
245 ## - TITLE STATEMENT
Title Do vyangy natak
Remainder of title दो व्यंग्य नाटक
260 ## - PUBLICATION, DISTRIBUTION, ETC.
Place of publication, distribution, etc. Nayi Dilli
Name of publisher, distributor, etc. Rajkamal Prakashan
Date of publication, distribution, etc. 2003
300 ## - PHYSICAL DESCRIPTION
Extent 120
Other physical details PB
365 ## - TRADE PRICE
Price amount 25
Currency code Rs
520 ## - SUMMARY, ETC.
Summary, etc. शरद जोशी हिन्दी व्यंग्य साहित्य के श्रेष्ठ सृजकों में से एक हैं। साहित्य की रचनात्मक मूल्यवत्ता के प्रति सतत् जागरूक रहकर अपने परिवेश, जीवन और समाज की हर छोटी-बड़ी विसंगति को उघाड़ने और उसके मूल पर चोट करने में उन्होंने कहीं चूक नहीं की। प्रस्तुत पुस्तक में शरद जी के दो व्यंग्य नाटक संग्रहीत हैं - ‘अन्धों का हाथी’ तथा ‘एक था गधा उर्फ़ अलादाद खाँ।’ दोनों ही नाटक समकालीन राजनीतिक परिदृश्य को प्रस्तुत करने के साथ-साथ राजनीति की अविच्छिन्न अन्तर्धारा और वृत्तियों से गहरा परिचय कराते हैं। एक ओर जनसामान्य तो दूसरी ओर जन-विशेष। सामान्यजन को मूर्ख बनाए रखने तथा इस्तेमाल करते रहने का एक अन्तहीन दुष्चक्र राजनीति का स्वभाव, शौक, जरूरत या कहें कि उसका मौलिक अधिकार है - विडम्बना यह कि वह भी कर्तव्यों की शक्ल में। राजनीति के तहत सतत् घट रही इस मूल्यहंता त्रासदी की गहरी पकड़ इन नाटकों में मौजूद है। लेखक ने सहज अभिनेय नाट्य-शिल्प और सुपाठ्य भाषा-शैली के सहारे अपूर्व व्यंग्यात्मक वस्तु का निर्वाह किया है।
650 ## - SUBJECT ADDED ENTRY--TOPICAL TERM
Topical term or geographic name entry element Hindi Drama
9 (RLIN) 196766
906 ## - LOCAL DATA ELEMENT F, LDF (RLIN)
a Do ; natak ; vyangy
942 ## - ADDED ENTRY ELEMENTS (KOHA)
Source of classification or shelving scheme Dewey Decimal Classification
Koha item type Book
Holdings
Withdrawn status Lost status Source of classification or shelving scheme Damaged status Not for loan Collection code Home library Current library Shelving location Date acquired Cost, normal purchase price Total Checkouts Full call number Barcode Date last seen Price effective from Koha item type
    Dewey Decimal Classification     Hindi St Aloysius Library St Aloysius Library Secondary stack section 10/27/2007 25.00   H891.2 JOSD D03098 07/19/2021 07/19/2021 Donated Books